|
|
|
|
| LEADER |
00000nab a2200000 a 4500 |
| 001 |
vtls000235607 |
| 003 |
SK-MaSNL |
| 005 |
20260304063135.0 |
| 008 |
250422c1985 xo 0 slo |
| 015 |
|
|
|a SNBRB19rr/mm-uuuuu
|
| 035 |
|
|
|a CL0245721
|
| 035 |
|
|
|a urn:nbn:sk:snk-ab27wq
|
| 035 |
|
|
|a (urnnbn)urn:nbn:sk:snk:ar-a01wnk
|
| 035 |
|
|
|a (uuid)55837693-1d66-472e-a5c5-ee25ed455525
|
| 040 |
|
|
|a SNKBUCL
|b slo
|c SNKBUCL
|e AACR2
|
| 041 |
0 |
|
|a slo
|
| 044 |
|
|
|a xo
|c SK
|
| 080 |
|
|
|a 1 100.542.1
|2 1981
|
| 080 |
|
|
|a 303.83
|2 1981
|
| 100 |
1 |
|
|a Šalát, Marián
|4 aut
|9 557221
|
| 245 |
1 |
0 |
|a Indexy v problematike skúmania zákonitostí rozvoja kultúrnej úrovne
|c Marián Šalát
|
| 300 |
|
|
|b Lit. 7 zázn. v slov., angl.
|
| 650 |
0 |
7 |
|a kultúra
|2 snkbucl
|9 886
|
| 655 |
|
7 |
|a články z novín a časopisov
|2 snkbucl
|9 267496
|
| 773 |
0 |
|
|t Sociológia
|g Roč. 17, č. 5 (1985), s. 555-562
|
| 850 |
|
|
|a Slovenská národná knižnica
|
| 852 |
|
|
|a Slovenská národná knižnica
|
| 954 |
|
|
|a odborná, vedecká literatúra pôvodná (slovenská)
|2 lita
|
| 958 |
|
|
|a article27
|
| 958 |
|
|
|a NB
|
| 958 |
|
|
|a RK
|
| 958 |
|
|
|a OND
|
| 958 |
|
|
|a EUIPO
|
| 992 |
|
|
|a RBX
|
| 999 |
|
|
|c 2741213
|d 2743143
|